|
|
|
|
| LEADER |
00000nam2a2200000 4500 |
| 001 |
171909 |
| 005 |
20231031164146.0 |
| 035 |
|
|
|a (RuTPU)RU\TPU\book\186382
|
| 090 |
|
|
|a 171909
|
| 100 |
|
|
|a 20091209d1962 k y0rusy50 ca
|
| 101 |
0 |
|
|a rus
|
| 102 |
|
|
|a RU
|
| 105 |
|
|
|a a z 001zy
|
| 200 |
0 |
|
|a Т. 1: Сибирская платформа и ее северное обрамление
|
| 210 |
|
|
|d 1962
|
| 215 |
|
|
|a 740 с.
|c ил., карта
|
| 320 |
|
|
|a Библиогр. в конце разд.
|
| 461 |
|
1 |
|0 (RuTPU)RU\TPU\book\190959
|t Петрография Восточной Сибири
|o в 2 т.
|f под ред. Г. Д. Афанасьева
|v Т. 1: Сибирская платформа и ее северное обрамление
|d 1962-
|
| 610 |
1 |
|
|a петрография
|
| 610 |
1 |
|
|a Восточная Сибирь
|
| 610 |
1 |
|
|a Сибирская платформа
|
| 610 |
1 |
|
|a интрузивные комплексы
|
| 610 |
1 |
|
|a петрология
|
| 610 |
1 |
|
|a трапповые формации
|
| 610 |
1 |
|
|a геологическое строение
|
| 610 |
1 |
|
|a полезные ископаемые
|
| 801 |
|
1 |
|a RU
|b 63413507
|c 20091209
|
| 801 |
|
2 |
|a RU
|b 63413507
|c 20220222
|g RCR
|
| 942 |
|
|
|c BK
|